Tilastot visalle Etunimet suomalaisten elokuvien nimissä (1).

Klikkaa tästä pelataksesi tätä visaa!

Yleistilastot

  • Tätä visaa on pelattu 81 kertaa
  • Keskiarvotulos 6 / 15

Vastaustilastot

ElokuvaEtunimi% Oikein
Juurakon _____ (1937)Hulda
85%
Ruma ____ (1949)Elsa
67%
_________ ja Munkkiniemen kreivi (1943)Katariina
67%
Anu ja _____ (1940)Mikko
67%
_____n surma (1938)Elina
64%
Kuisma ja ______ (1932)Helinä
44%
_______ - Niskavuoren nuori emäntä (1946)Loviisa
39%
Tuomari ______ (1943)Martta
31%
______ - tunturien tyttö (1947)Maaret
23%
______n emännän synti (1943)Yrjänä
23%
Kersantilleko ____ nauroi? (1940)Emma
21%
Haaviston _____ (1948)Leeni
20%
____ pyörii (1942)Onni
20%
______, seitsentoistavuotias (1948)Irmeli
16%
______ järjestää kaiken (1942)August
11%

Tulosjakauma

Persentiili vastausten määrän mukaan

Jokaisen tuloksen saaneiden osuus

Tuloshistoriasi

Et ole pelannut tätä visaa